000 00657nam a2200229 a 4500
001 43345
003 BD-RjUL
005 20211209053703.0
008 160621s19541951nyu 001 0 eng d
035 _a(OCoLC)ocm12198343
035 _a(BD-RjUL) 43463
040 _aKKA
_cKKA
_beng
041 _aeng
082 _223
_a371.102
_bHIA 1954
100 1 _aHighet, Gilbert.
_d1906-1978.
_9133147
245 1 4 _aThe art of teaching /
_cGilbert Highet.
260 _aNew York :
_bMethuen,
_cc1951, [reprint 1954]
300 _axii, 266 p. ;
_c18 cm.
504 _aIncludes bibliographical references and index.
650 0 _aTeaching.
_9133148
942 _2ddc
_cBK
999 _c43345
_d43345